Mulla the Indian contract act : (Record no. 104748)

MARC details
000 -LEADER
fixed length control field 00661nam a22002057a 4500
005 - DATE AND TIME OF LATEST TRANSACTION
control field 20161124145310.0
010 ## - LCCN (DPL NO)
LC control number ENG-116636
020 ## - INTERNATIONAL STANDARD BOOK NUMBER
Terms of availability 495.00
International Standard Book Number 9788180386732
035 ## - SYSTEM CONTROL NUMBER
System control number EN-100168
037 ## - SOURCE OF ACQUISITION
Source of stock number/acquisition DBAD/PUB
082 ## - DEWEY DECIMAL CLASSIFICATION NUMBER
Classification number 346.54082
245 ## - TITLE STATEMENT
Title Mulla the Indian contract act :
Statement of responsibility, etc by Dinshah Fardunji Mullla
250 ## - EDITION STATEMENT
Edition statement 13th ed. 2011 by Anirudh Wadhwa
260 ## - PUBLICATION, DISTRIBUTION, ETC. (IMPRINT)
Place of publication, distribution, etc Gurgaon
Name of publisher, distributor, etc LexisNexis
Date of publication, distribution, etc 2016
270 ## - ADDRESS
Address 14th Floor, Building No.10, Tower-B, DLF Cyber City, Phase-II,
City Gurgaon
Postal code 122002
300 ## - PHYSICAL DESCRIPTION
Extent xiv, 374p
Dimensions 24cm(Hb)
490 ## - SERIES STATEMENT
Series statement LexisNexis student series
500 ## - GENERAL NOTE
General note Includes index
942 ## - ADDED ENTRY ELEMENTS (KOHA)
Source of classification or shelving scheme Dewey Decimal Classification
Item type English Books
Classification part 346.5402
Call number suffix MUL
Holdings
Withdrawn status Lost status Not for loan Collection code Home library Current library Date acquired Source of acquisition Cost, normal purchase price Full call number Barcode Copy number Cost, replacement price Koha item type
    Not For Loan Non-fiction D.B.Act.Division Bawana 24/11/2016 DBAD/PUB 495.00 346.5402 MUL EN-100168 1 495.00 English Books

© Delhi Public Library
Hit Counter
free hit counter